Follow That Line: Parks and Recreation Quiz Stats

Quiz Updated Nov 8, 2017

Challenge
Share
Tweet
Embed
Score 0/25 Timer 07:00
0 Plays Today
% Correct
Whole-ass one thing.
90.5%
When I eat, it is the food that is scared.
90.1%
More like Turd Crapley.
89.8%
Torpel. What?! I don't know. That's not a name.
88.8%
I'm gonna have to be a robber.
88.7%
We still never talk sometimes.
87.4%
This is America, isn't it? Then I don't have to answer stupid questions while standing on my own property.
86.6%
I take a skittle and I put it between two starbursts.
86.2%
It's like yoga except I still get to kill something.
85.3%
Getting run over by a Lexus.
82.7%
That's racist.
81.4%
Birthdays were invented by Hallmark to sell cards.
79.8%
I'm gonna need a different metaphor to give this nine year old.
78.1%
% Correct
That idea is terrible.
77.3%
That's why I'm so lively and colorful.
76.5%
Dammit. Again?
74.4%
Or have I?
74.2%
You do attend a shocking number of WNBA games.
73.1%
People are idiots, Leslie.
71.5%
Are you talking to my butt?
71.2%
Wait, are you asking me or telling me?
68.1%
That's why I go two towns over if I want to rent a movie with nudity in it.
61.6%
Dude, that is the coolest sentence I’ve ever heard somebody say.
54.9%
That analogy was way better in my head.
49.1%
It gets old.
46.5%

You're not logged in!

Compare scores with friends on all Sporcle quizzes.
Sign Up with Email
OR
Log In

You Might Also Like...

Show Comments

Extras

Top Quizzes Today


Score Distribution

Your Account Isn't Verified!

In order to create a playlist on Sporcle, you need to verify the email address you used during registration. Go to your Sporcle Settings to finish the process.

Report this User

Report this user for behavior that violates our Community Guidelines.

Details: